000 00442nam a22001457a 4500
020 _a0340776897
082 _a150
100 _aRichard Gross
245 _aPsychology a new introduction for A level
250 _a2nd ed.
260 _aLondon
_bHodder and Stoughton
_c2004
300 _a928p
942 _cBK
999 _c2876
_d2876